| 000 | 00555nam a2200193Ia 4500 | ||
|---|---|---|---|
| 003 | STCL | ||
| 008 | 221019s9999 xx 000 0 und d | ||
| 020 | _a9789386429537 | ||
| 040 |
_aSTCL _cSTCL _bEN |
||
| 082 | _222 | ||
| 100 | _aAsokan Charuvil | ||
| 245 | 0 | _aഅശോകൻ ചരുവിലിന്റെ കഥകൾ 1975 - 2017, വാല്യം 1 | |
| 246 | _aAshokan charuvilinte kathakal 1975-2017 Vol.1 | ||
| 260 |
_bCurrent Books _aThrissur _c2019 |
||
| 300 | _a480 p | ||
| 365 | _b1100 | ||
| 546 | _aMalayalam | ||
| 942 |
_cBK _2DDC _e22 |
||
| 999 |
_c88932 _d88932 |
||